[Event "Indywidualne Mistrzostwa Polski Juniorow do lat 18 - Dziewczeta"]
[Site "Szklarska Poreba"]
[Date "1899-12-30"]
[Round "9.14"]
[White "Gredka, Dominika"]
[Black "Zamarska, Sylwia"]
[Result "1/2-1/2"]
[WhiteTitle "I++"]
[BlackTitle "I++"]
[WhiteElo "1732"]
[BlackElo "1657"]

1. e4 c6 2. Nc3 d5 3. d4 dxe4 4. Nxe4 Bf5 5. Ng3 Bg6 6. Nf3 Nd7 7. Bd3 Ngf6 8.
O-O e6 9. b3 Be7 10. Bb2 O-O 11. c4 Qc7 12. Bxg6 hxg6 13. Qe2 Rac8 14. Rac1 Qb8
15. Ne4 Nxe4 16. Qxe4 Nf6 17. Qe3 Ng4 18. Qe2 Rfd8 19. h3 Nf6 20. Rfd1 b5 21.
d5 cxd5 22. Be5 Bd6 23. Bxd6 Qxd6 24. cxb5 Rc7 25. a4 Rdc8 26. Rxc7 Qxc7 27. Ne5
Qc3 28. Nc6 Rc7 29. Rd3 Qc1+ 30. Rd1 Qc3 31. Rd3 1/2-1/2

[Event "Indywidualne Mistrzostwa Polski Juniorow do lat 18 - Dziewczeta"]
[Site "Szklarska Poreba"]
[Date "1899-12-30"]
[Round "9.15"]
[White "Trembowiecka-wysota, Aleksandra"]
[Black "Borek, Dominika"]
[Result "1-0"]
[WhiteTitle "I"]
[BlackTitle "I"]
[WhiteElo "1669"]
[BlackElo "1282"]

1. e4 c6 2. d4 d5 3. e5 Bf5 4. Bd3 Bxd3 5. Qxd3 e6 6. Ne2 Qc7 7. O-O Ne7 8. Nbc3
Ng6 9. f4 c5 10. f5 exf5 11. Nxd5 Qd7 12. c4 Nc6 13. Qxf5 Qxf5 14. Rxf5 Rc8 15.
Be3 cxd4 16. Bxd4 Nxd4 17. Nxd4 Ne7 18. Nxe7 Bxe7 19. e6 f6 20. b3 Bc5 21. Rd1
Ke7 22. Kf1 Rhd8 23. Rd5 g6 24. h4 a6 25. Nc2 Bd6 26. Nd4 Rc5 27. Ne2 Rcc8 28.
Nd4 Rc5 29. h5 Rcc8 30. Ke2 Be5 31. Nf3 Bg3 32. hxg6 hxg6 33. Rd7+ Rxd7 34. Rxd7+
Kxe6 35. Rxb7 Rb8 36. Nd4+ 1-0

[Event "Indywidualne Mistrzostwa Polski Juniorow do lat 18 - Dziewczeta"]
[Site "Szklarska Poreba"]
[Date "1899-12-30"]
[Round "9.16"]
[White "Choinska, Debora"]
[Black "Pyzio, Amelia"]
[Result "1-0"]
[WhiteTitle "I++"]
[BlackTitle "I++"]
[WhiteElo "1717"]
[BlackElo "1760"]

1. e4 e5 2. Nf3 Nc6 3. c3 Nf6 4. d4 Nxe4 5. d5 Ne7 6. Nxe5 Ng6 7. Bd3 Nxf2 8. Bxg6
hxg6 9. Kxf2 Bc5+ 10. Kf1 b6 11. Qf3 Ba6+ 12. c4 O-O 13. Nd2 Qe7 14. Nd3 Rfe8
15. b3 Bb4 16. a4 Bc8 17. Qf2 c6 18. Nxb4 Qxb4 19. Bb2 Bb7 20. Qd4 f6 21. d6 Re5
22. Bc3 Qc5 23. Qxc5 Rxc5 24. Re1 Rf5+ 25. Nf3 g5 26. h3 c5 27. Kf2 Kf8 28. Re7
Rd8 29. a5 Bc6 30. axb6 axb6 31. Ra1 Rb8 32. Kg3 Rf4 33. Bd2 Re4 34. Rxe4 Bxe4
35. Bc3 Bc6 36. Re1 Rd8 37. h4 gxh4+ 38. Nxh4 Ra8 39. Ng6+ Kf7 40. Ne7 Bb7 41.
Nf5 Bc6 42. Re7+ Kf8 43. Rxg7 Ra2 44. Bxf6 Rxg2+ 45. Kh3 Rxg7 46. Bxg7+ Kf7 47.
Ne7 Bb7 48. Bh6 Ke6 49. Bf4 Kf6 50. Kg3 Ke6 51. Kf2 1-0

[Event "Indywidualne Mistrzostwa Polski Juniorow do lat 18 - Dziewczeta"]
[Site "Szklarska Poreba"]
[Date "1899-12-30"]
[Round "9.17"]
[White "Dixa, Joanna"]
[Black "Karlyk, Maria"]
[Result "0-1"]
[WhiteTitle "I"]
[BlackTitle "I"]
[WhiteElo "1337"]
[BlackElo "1725"]

1. e4 c5 2. Nf3 e6 3. d4 cxd4 4. Nxd4 Nf6 5. Bd3 Nc6 6. Nxc6 bxc6 7. Nc3 d5 8.
exd5 exd5 9. O-O Be7 10. Re1 O-O 11. Bf4 Be6 12. Qe2 a5 13. Na4 Bd6 14. Bxd6 Qxd6
15. h3 Rfe8 16. Qd2 Reb8 17. b3 Rb4 18. c4 c5 19. cxd5 Qxd5 20. Qe2 Re8 21. Rad1
Rd4 22. Qc2 Rd8 23. Be2 Qe4 24. Qxe4 Nxe4 25. Bf3 Rxd1 26. Rxd1 Rxd1+ 27. Bxd1
c4 28. bxc4 Bxc4 29. a3 Bb5 30. Nb2 Nc3 31. f3 Kf8 32. Kf2 Ke7 33. a4 Nxd1+ 34.
Nxd1 Bxa4 35. Nc3 Bb3 36. Ke2 a4 37. Nb1 Bc4+ 38. Ke3 Bf1 39. Kf2 Bd3 40. Na3
Kd6 41. Ke3 Ba6 42. g3 Kc5 43. Kd2 Kb4 44. Nc2+ Kb3 45. f4 a3 46. Nxa3 Kxa3 47.
Kc3 Bf1 48. h4 Bh3 49. Kd4 h5 50. Ke5 g6 51. Kd4 Kb4 52. Kd3 Kb3 53. Kd2 Kc4 54.
Ke3 Kc3 55. Ke2 Kd4 56. Kd2 Ke4 57. Ke2 Bg4+ 58. Kf2 Kd3 59. Kf1 Ke3 60. Kg2 Ke2
0-1

[Event "Indywidualne Mistrzostwa Polski Juniorow do lat 18 - Dziewczeta"]
[Site "Szklarska Poreba"]
[Date "1899-12-30"]
[Round "9.18"]
[White "Borsuk, Aleksandra"]
[Black "Samujlo, Agnieszka"]
[Result "0-1"]
[WhiteTitle "I"]
[BlackTitle "I++"]
[WhiteElo "1307"]
[BlackElo "1419"]

1. e4 c5 2. g3 Nc6 3. Bg2 g6 4. Nc3 Bg7 5. d3 e6 6. Rb1 Nge7 7. Be3 b6 8. Nge2
d5 9. exd5 exd5 10. Bf4 Be6 11. Nb5 O-O 12. Nc7 Rc8 13. Nxe6 fxe6 14. Bh3 Nf5
15. O-O e5 16. Bd2 Rc7 17. Qc1 Ncd4 18. Nxd4 Nxd4 19. Kh1 Nf3 20. Bg2 Rcf7 21.
Qd1 Qd7 22. Bxf3 Rxf3 23. Kg2 Qg4 24. Qe2 Rxg3+ 25. hxg3 Qxe2 26. Rbd1 Qf3+ 27.
Kg1 Rf5 0-1

[Event "Indywidualne Mistrzostwa Polski Juniorow do lat 18 - Dziewczeta"]
[Site "Szklarska Poreba"]
[Date "1899-12-30"]
[Round "9.19"]
[White "Ossolinska, Matylda"]
[Black "Bohdanowicz, Nikola"]
[Result "1/2-1/2"]
[WhiteTitle "I+"]
[BlackTitle "I"]
[WhiteElo "1665"]
[BlackElo "1402"]

1. e4 c5 2. Nf3 Nc6 3. d4 cxd4 4. Nxd4 e5 5. Nb5 d6 6. N1c3 a6 7. Na3 b5 8. Nd5
Nf6 9. Bg5 Be7 10. Bxf6 Bxf6 11. c3 Bg5 12. Nc2 O-O 13. Nce3 Be6 14. Be2 Ne7 15.
O-O Bxe3 16. Nxe3 d5 17. exd5 Nxd5 18. Nxd5 Qxd5 19. Qxd5 Bxd5 20. a4 Bc4 21.
Rfe1 Bxe2 22. Rxe2 f6 23. axb5 axb5 24. Rxa8 Rxa8 25. g3 Rd8 26. Re4 Rc8 27. Rb4
Rc5 28. b3 Kf7 29. c4 bxc4 30. bxc4 Kg6 31. Kg2 Kg5 32. h3 h5 33. Rb7 Rxc4 34.
Rxg7+ Kf5 35. Rh7 Kg6 36. Re7 1/2-1/2